[Event "POL-chT4 Kujawsko-Pomorskie 1617"]
[Site "Poland"]
[Date "2016.11.06"]
[Round "1.5"]
[White "Retz, Agnieszka"]
[Black "Kurpiewska, Anna"]
[Result "1/2-1/2"]
[WhiteElo "1083"]
[BlackElo "1204"]
[PlyCount "145"]
[EventDate "2016.11.06"]
[EventType "team-tourn"]
[EventRounds "11"]
[EventCountry "POL"]
[SourceTitle "EXT 2019"]
[Source "ChessBase"]
[SourceDate "2018.10.10"]
[SourceVersion "1"]
[SourceVersionDate "2018.10.10"]
[SourceQuality "1"]

1. e4 e5 2. Nf3 Nc6 3. Bc4 Bc5 4. c3 d6 5. d4 exd4 6. cxd4 Bb6 7. 0-0 Nf6 8. Bg5 h6 9. Bxf6 Qxf6 10. e5 dxe5 11. dxe5 Qf4 12. Bb5 0-0 13. Bxc6 bxc6 14. h3 Be6 15. Re1 Rfd8 16. Qe2 Bc4 17. Qe4 Qxe4 18. Rxe4 Rd1+ 19. Re1 Rxe1+ 20. Nxe1 Bd4 21. Nc3 Bxe5 22. Nf3 Bf6 23. Rc1 Re8 24. b3 Bd3 25. Na4 Be4 26. Re1 Kf8 27. Nc5 Bf5 28. Rxe8+ Kxe8 29. g4 Bb1 30. a4 Bc2 31. Ne1 Bd1 32. Ned3 Bd4 33. Kf1 Ke7 34. Ke1 Bf3 35. b4 Kd6 36. Kd2 Bg2 37. h4 Bf3 38. g5 hxg5 39. hxg5 Bxc5 40. Nxc5 Kd5 41. Kd3 Bg4 42. f4 f6 43. gxf6 gxf6 44. a5 f5 45. Nd7 Bh3 46. Ne5 Bf1+ 47. Ke3 c5 48. bxc5 Kxc5 49. Nd7+ Kb5 50. Kd4 Kxa5 51. Nc5 Kb5 52. Nb3 a5 53. Kc3 c5 54. Kb2 Kb4 55. Nd2 Bd3 56. Nf3 c4 57. Nd4 a4 58. Nc6+ Kb5 59. Nd4+ Kc5 60. Ne6+ Kb4 61. Nd4 c3+ 62. Ka2 Bc4+ 63. Kb1 Bd3+ 64. Ka2 Kc4 65. Nf3 c2 66. Kb2 a3+ 67. Kc1 Kc3 68. Ne1 a2 69. Nxc2 Kb3 70. Na1+ Ka3 71. Kd2 Kb2 72. Kxd3 Kxa1 73. Kc2 1/2-1/2